Quick Pick: Autumn Things Quiz Stats

 Plays Quiz Updated Sep 23, 2019

Score 0/10 Timer 00:45
2 Plays Today
% Correct
Autumnal Equinox
88.1%
Fallen Angel
83.8%
Niagara Falls
82.2%
Autumn Reeser
72.8%
Fall Out Boy
68%
Autumn in New York
67.4%
Fallout
60.1%
To Autumn
51.8%
The Autumn of the Patriarch
50.9%
Autumn Almanac
30.3%

Today's Daily Dose

You're not logged in!

Compare scores with friends on all Sporcle quizzes.
OR
Log In

Sporcle TV

Today on Sporcle TV


Watch our educational content, quiz creation guides, and fun videos on Sporcle TV.

Show Comments

Extras

Top Quizzes Today


Score Distribution

Your Account Isn't Verified!

In order to create a playlist on Sporcle, you need to verify the email address you used during registration. Go to your Sporcle Settings to finish the process.

Report this User

Report this user for behavior that violates our Community Guidelines.

Details: